00739cam a22002411 4500001001300000003000400013005001700017008004100034010001700075025001900092035002000111040001900131042001200150050001900162100002500181245009200206260006600298300003300364504002900397650002800426650002600454999001700480sa 64001251 DLC20260227112001.0870730s1963 ii a b 000 0 eng  asa 64001251  aPL480:I-E-2333 a(OCoLC)16323290 aDLCcICRLdDLC apremarc00aHF5548.8b.A551 aAdiseshiah, W. T. V.10aSocial foundations of industrial psychology.cWith a foreword by Sir Frederic Bartlett. aMadras,bInstitute of Social Sciences, Loyola Collegec[1963] aviii, 172 p.billus.c18 cm. aIncludes bibliographies. 0aPsychology, Industrial. 0aIndustrial sociology. c56657d56657